北京地铁16号线地铁站 - Statistics

General Stats
  • This quiz has been taken 8 times
  • The average score is 27 of 30
Answer Stats
Transfers Stations % Correct
北安河
100%
温阳路
100%
4号线 西苑
100%
12号线 苏州桥
100%
4号线 9号线 国家图书馆
100%
甘家口
100%
玉渊潭东门
100%
1号线(出站换乘) 木樨地
100%
14号线 丽泽商务区
100%
房山线 东管头南
100%
10号线 丰台站
100%
看丹
100%
宛平城
100%
稻香湖路
88%
屯佃
88%
永丰
88%
马连洼
88%
农大南路
88%
万泉河桥
88%
10号线 苏州街
88%
7号线 达官营
88%
红莲南路
88%
9号线 丰台南路
88%
榆树庄
88%
永丰南
75%
西北旺
75%
万寿寺
75%
6号线 二里沟
75%
富丰桥
63%
洪泰庄
63%
No matching quizzes found
Score Distribution
Percent of People with Each Score
Percentile by Number Answered
Your Score History
You have not taken this quiz